قرآن مجيد / (Record no. 170079)

MARC details
000 -LEADER
fixed length control field 00545nam a22001937a 4500
005 - DATE AND TIME OF LATEST TRANSACTION
control field 20200609113641.0
010 ## - LCCN (DPL NO)
LC control number A-459529
020 ## - INTERNATIONAL STANDARD BOOK NUMBER
Terms of availability N.A.
International Standard Book Number -
035 ## - SYSTEM CONTROL NUMBER
System control number A-459529
037 ## - SOURCE OF ACQUISITION
Source of stock number/acquisition BPPD
082 ## - DEWEY DECIMAL CLASSIFICATION NUMBER
Classification number 270
100 ## - MAIN ENTRY--PERSONAL NAME
Personal name مر ما د و کے پکتھل
245 ## - TITLE STATEMENT
Title قرآن مجيد /
Statement of responsibility, etc مرمادوکے پکتھل
246 ## - VARYING FORM OF TITLE
Title proper/short title Quraan Majeed (Urdu) /
Remainder of title by Marmaduke Pickthall
260 ## - PUBLICATION, DISTRIBUTION, ETC. (IMPRINT)
Place of publication, distribution, etc N.A.
Date of publication, distribution, etc N.A. ء
Name of publisher, distributor, etc Taj Company
270 ## - ADDRESS
Address N.A.
City -
Telephone number -
Postal code -
300 ## - PHYSICAL DESCRIPTION
Extent 738 ص
Dimensions 22cm(Hb)
942 ## - ADDED ENTRY ELEMENTS (KOHA)
Source of classification or shelving scheme Dewey Decimal Classification
Item type Urdu Bks
Classification part 270
Call number suffix ق ر آ
Holdings
Withdrawn status Lost status Not for loan Collection code Home library Current library Date acquired Source of acquisition Cost, normal purchase price Full call number Barcode Copy number Cost, replacement price Koha item type
      Non-fiction Central Library Central Library 10/12/2019 BPPD/Ven. 0.00 270 ق ر آ A-459529 1 0.00 Urdu Bks

© Delhi Public Library
Hit Counter
free hit counter